| 000 | 00926nam0a22002771 4500 | ||
|---|---|---|---|
| 001 | RU\NLR\INFOCOMM_116\5000075565 | ||
| 005 | 20250613095357.0 | ||
| 035 | _a(NLR Aleph) 009293345 | ||
| 090 |
_a9233828 _c9233828 |
||
| 100 | _a20101001d1967 |||y0rusy50 ca | ||
| 101 | 0 | _aeng | |
| 102 | _aRU | ||
| 105 | _aa ||||000|y | ||
| 200 | 1 |
_aCalculation of oxidizing reactions in arc welding _f[By] Dr. Prof. A. A. Erohin |
|
| 210 |
_aΜ. _cUSSR National welding com. _d1967 |
||
| 215 |
_a18 с. _cграфик. _d20 см |
||
| 225 | 1 |
_aDocument _fInternational inst. of welding (IIW). Commis. II "Arc welding" _vII |
|
| 309 | _aОтпеч. множит. аппаратом | ||
| 686 |
_aТт-М-454 _2rubbk |
||
| 700 | 1 |
_9z01790 _aErochin _bA. A. _gAndrej Aleksandrovič _4070 |
|
| 790 | 1 |
_9z01700 _aErohin _bA. A. _4070 |
|
| 801 | 1 |
_aRU _bNLR _c20101001 |
|
| 801 | 0 |
_aRU _bNLR _gPSBO |
|
| 852 |
_aNLR _jТ37 Д-4/1 |
||
| 942 | _cBOOK | ||
| 980 | _aNB | ||